书目信息 |
| 书名: | Western societies | |
| 作者: | [edited by] Richard M. Golden, Thomas Kuehn. | |
| 分册号: | ||
| 分册名: | from the ancient near east to the sevententh century / | 出版地: | New York : |
|
| 出版社: | St. Martin’s Press | |
| 出版时间: | c1993. | |
| 页数: | 330 p. : | |
| 开本: | 23 cm. | |
| 丛书名: | ||
| 中图分类号: | ||
| 科图分类号: | ||
| 其他分类号: | C91-09 | |
| 主题词: | ||
| 电子资源: | ||
| 000 | 01201nam a2200301 a 450 | |
| 001 | E0757594064 | |
| 005 | 20070517160329.43 | |
| 008 | 920122s1993 nyua 000 0 eng | |
| 010 | @a92050038 | |
| 020 | @a0312080328 (pbk. : v. 1). | |
| 020 | @a031208031X (pbk. : v. 2). | |
| 035 | @A(DLC) 92050038 | |
| 040 | @aDLC@cDLC | |
| 050 | 00 | @aHN8@b.W44 1993 |
| 082 | 00 | @a306/.09@2 20 |
| 090 | @aC91-09 | |
| 099 | @dC91-09@ex201:1 | |
| 245 | 00 | @aWestern societies :@bprimary sources in social history.@nvolume 1,@pfrom the ancient near east to the sevententh century / @c[edited by] Richard M. Golden, Thomas Kuehn. |
| 260 | @aNew York :@bSt. Martin’s Press,@cc1993. | |
| 300 | @a330 p. :@bill. ;@c23 cm. | |
| 505 | 0 | @aFrom the ancient Near East to the seventeenth century -- v.2. From the seventeenth century to the present. |
| 650 | 0 | @aSocial history@xSources. |
| 700 | 1 | @aKuehn, Thomas,@d1950- |
| 700 | 1 | @aGolden, Richard M.,@d1947- |
| 906 | @a7@bcbc@corignew@d2@eocip@f19@gy-gencatlg | |
| 922 | @aco | |
| 955 | @apn10 01-22-92; pb07 to cat. 07-23-93; lg12/lg09 to AAI 08-17-93; sf00 08-24-93; sb11 09-08-93; sb21 09-10-93 | |
| 991 | @bc-GenColl@hHN8@i.W44 1993@tCopy 1@wBOOKS | |
| Western societies : : primary sources in social history.. volume 1,. from the ancient near east to the sevententh century / / [edited by] Richard M. Golden, Thomas Kuehn.-New York : : St. Martin’s Press, , c1993. |
| 330 p. : : ill. ; ; 23 cm. |
| From the ancient Near East to the seventeenth century -- v.2. From the seventeenth century to the present. |
| ISBN 0312080328 (pbk. : v. 1). |
| ● |
| 相关链接 |
|
|
|
|
正题名:Western societies
索取号:C91-09/x201:1
 
预约/预借
| 序号 | 登录号 | 条形码 | 馆藏地/架位号 | 状态 | 备注 |
| 1 | 10357 | 300103572 | 第二样本阅览室/ [索取号:C91-09/x201:1] | 在馆 |